Clinically Oriented : (Record no. 538)

MARC details
000 -LEADER
fixed length control field 00757nam a22002297a 4500
003 - CONTROL NUMBER IDENTIFIER
control field OSt
005 - DATE AND TIME OF LATEST TRANSACTION
control field 20211118114511.0
008 - FIXED-LENGTH DATA ELEMENTS--GENERAL INFORMATION
fixed length control field 211001b ||||| |||| 00| 0 eng d
020 ## - INTERNATIONAL STANDARD BOOK NUMBER
International Standard Book Number 9781496354044
040 ## - CATALOGING SOURCE
Original cataloging agency PHNSL
Transcribing agency PHNSL
100 ## - MAIN ENTRY--PERSONAL NAME
Personal name Moore , Keith L.
245 ## - TITLE STATEMENT
Title Clinically Oriented :
Remainder of title Annatomy /
Statement of responsibility, etc. Keith L. Moore
250 ## - EDITION STATEMENT
Edition statement 8th ed .
260 ## - PUBLICATION, DISTRIBUTION, ETC.
Place of publication, distribution, etc. Philadelphia :
Name of publisher, distributor, etc. Wolters Kluwer,
Date of publication, distribution, etc. 2018 .
300 ## - PHYSICAL DESCRIPTION
Extent xxxv ,1153 p . : ill . pictures , tabless , in colour
500 ## - GENERAL NOTE
General note Comprehensive updates captured and extensively revised.
504 ## - BIBLIOGRAPHY, ETC. NOTE
Bibliography, etc. note Includes bibliography, references, and suggested reading, also index.
650 ## - SUBJECT ADDED ENTRY--TOPICAL TERM
Source of heading or term Anatomy
651 ## - SUBJECT ADDED ENTRY--GEOGRAPHIC NAME
Source of heading or term India
700 ## - ADDED ENTRY--PERSONAL NAME
Personal name Moore Keith L. , Dalley II Arthur F. , Agur Anne M. R.
942 ## - ADDED ENTRY ELEMENTS (KOHA)
Source of classification or shelving scheme Library of Congress Classification
Koha item type Books
Holdings
Withdrawn status Lost status Source of classification or shelving scheme Damaged status Not for loan Home library Current library Date acquired Total Checkouts Full call number Barcode Date last seen Copy number Price effective from Koha item type Public note
    Library of Congress Classification     Public Health Nurses School Public Health Nurses School 10/01/2021   QM23.2 M78 01671 10/01/2021 c .1 10/01/2021 Books ho 01/10/21
    Library of Congress Classification     Public Health Nurses School Public Health Nurses School 10/01/2021   QM23.2 M78 01672 10/01/2021 c .2 10/01/2021 Books ho 01/10/21
    Library of Congress Classification     Public Health Nurses School Public Health Nurses School 10/01/2021   QM23.2 M78 01673 10/01/2021 c .3 10/01/2021 Books ho 01/10/21
    Library of Congress Classification     Public Health Nurses School Public Health Nurses School 10/01/2021   QM23.2 M78 01674 10/01/2021 c .4 10/01/2021 Books ho 01/10/21
    Library of Congress Classification     Public Health Nurses School Public Health Nurses School 10/01/2021   QM23.2 M78 01675 10/01/2021 c .5 10/01/2021 Books ho 01/10/21
Copyright © 2025 PHNS Library. All Rights Reserved.